000 00457nam a22001697a 4500
005 20230116100926.0
008 190530b xxu||||| |||| 00| 0 eng d
020 _a978-93-81237-79-3
041 _aeng
100 _aKOKARE, PROF. CHANDRAKANT
_95016
245 _aPHARMACEUTICAL BIOTECHNOLOGY: EXPERIMENTS AND TECHNIQUES
250 _a5th, ed.
260 _aPUNE
_bNIRALI PRAKASHAN
300 _aB.2 p,
650 _aPHARMACY
_xB.PHARMA
_97083
942 _cBK
999 _c5909
_d5907